Económia política y Argentina (Registro nro. 5313)

Detalles MARC
000 -LEADER
fixed length control field 01367 a2200205 4500
001 - CONTROL NUMBER
control field 53985
005 - DATE AND TIME OF LATEST TRANSACTION
control field 20260407155810.0
008 - FIXED-LENGTH DATA ELEMENTS--GENERAL INFORMATION
fixed length control field 260407a1969 arg spa d
003 - CONTROL NUMBER IDENTIFIER
control field AR-UNSa-BCEJYS
040 ## - CATALOGING SOURCE
Original cataloging agency AR-UNSa-BCEJYS
Language of cataloging spa
Transcribing agency AR-UNSa-BCEJYS
080 ## - UNIVERSAL DECIMAL CLASSIFICATION NUMBER
Universal Decimal Classification number 330.101
Common auxiliary subdivision Ciencia económica en general. La economía y sus problemas. Objeto y métodos de la economía política
041 ## - LANGUAGE CODE
Language code of text/sound track or separate title spa
100 1# - MAIN ENTRY--PERSONAL NAME
Personal name Beveraggi Allende, Walter
245 10 - TITLE STATEMENT
Title Económia política y Argentina
264 #1 - PRODUCTION, PUBLICATION, DISTRIBUTION, MANUFACTURE, AND COPYRIGHT NOTICE
Place of production, publication, distribution, manufacture Buenos Aires :
Name of producer, publisher, distributor, manufacturer Manuel Belgrano
Date of production, publication, distribution, manufacture, or copyright notice 1969
300 ## - PHYSICAL DESCRIPTION
Extent 398 p.
Dimensions 23 cm.
505 ## - FORMATTED CONTENTS NOTE
Formatted contents note I. Concepto y objeto de la economía política - II. Recursos económicos y población - III. Los factores de producción - IV. La moneda: "Patrón" de cambio e instrumento movilizador de los factores productivos - V. Método y auxiliares de la ciencia económica - VI. Producto e ingreso nacional.Estimación y componentes - VII. Elaboración y destino del producto-ingreso nacional - VIII. Fluctuaciones del producto-ingreso nacional: Causas determinantes - IX. El desarrollo económico - X. Contextura del mercado y formación de los precios.Competencia perfecta - XI. Precio de los productos y precio de los factores.Teoría del valor - XII. Competencia imperfecta - XIII. Monopolio y otras formas irregulares del mercado
590 ## - LOCAL NOTE (RLIN)
Local note niveau_biblio:m niveau_hierar:0
942 ## - ADDED ENTRY ELEMENTS (KOHA)
Koha item type
Existencias
Withdrawn status Lost status Damaged status Not for loan Home library Current library Shelving location Date acquired Total checkouts Full call number Barcode Date last seen Price effective from Koha item type
        Biblioteca Prof. Eusebio Cleto del Rey Biblioteca Prof. Eusebio Cleto del Rey   07/04/2026   330.101 B571 L23816 07/04/2026 07/04/2026 Libro